[Event "Cutro op-B 11th"]
[Site "Cutro"]
[Date "2005.04.25"]
[Round "2"]
[White "Ielapi, Gianbattista"]
[Black "Mesoraca, Francesco"]
[Result "1-0"]
[WhiteElo "1536"]
[BlackElo "1440"]
[PlyCount "97"]
[EventDate "2005.04.23"]
[EventType "swiss"]
[EventRounds "5"]
[EventCountry "ITA"]
[SourceTitle "CBM 106 Extra"]
[Source "ChessBase"]
[SourceDate "2005.07.01"]
[SourceVersion "1"]
[SourceVersionDate "2005.07.01"]
[SourceQuality "1"]

1. e4 e5 2. Nf3 Nf6 3. Nxe5 Nxe4 4. Qe2 d5 5. f3 Bf5 6. fxe4 dxe4 7. d3 Qd4 8. dxe4 Qxe4 9. Qxe4 Bxe4 10. Bc4 Bg6 11. Nxg6 hxg6 12. Nc3 Nc6 13. Bf4 Bd6 14. Bxd6 cxd6 15. 0-0-0 0-0-0 16. Bxf7 Ne5 17. Be6+ Kc7 18. h3 Rde8 19. Bb3 Rh4 20. Rhe1 Rh5 21. Bf7 Rd8 22. Bb3 b6 23. Re2 a6 24. Red2 Rh4 25. Rd4 g5 26. Rxh4 gxh4 27. Ne2 g5 28. Nd4 b5 29. Ne6+ Kd7 30. Nxd8 Kxd8 31. g3 hxg3 32. Rg1 Kc7 33. Rxg3 Nc6 34. Rxg5 Nb4 35. h4 a5 36. h5 a4 37. Bd5 Kb6 38. h6 Kc5 39. h7 Nxd5 40. Rxd5+ Kxd5 41. h8Q b4 42. Kd2 Kc4 43. b3+ Kb5 44. Qc8 axb3 45. axb3 d5 46. Kd3 Kb6 47. Kd4 Ka5 48. Kc5 d4 49. Qa8# 1-0